[Event "Timbo op"]
[Site "Timbo"]
[Date "2021.06.13"]
[Round "6"]
[White "Diogo, Giovani Lima"]
[Black "Moretto, Heitor Frainer"]
[Result "1-0"]
[WhiteElo "1719"]
[BlackElo "1563"]
[PlyCount "81"]
[EventDate "2021.06.11"]
[EventType "swiss"]
[EventRounds "6"]
[EventCountry "BRA"]
[SourceTitle "EXT 2022"]
[Source "ChessBase"]
[SourceDate "2021.10.06"]
[SourceVersion "1"]
[SourceVersionDate "2021.10.06"]
[SourceQuality "1"]

1. e4 e6 2. d4 d5 3. Nd2 Nf6 4. e5 Nfd7 5. Ngf3 c5 6. c3 Nc6 7. Be2 cxd4 8. cxd4 f6 9. exf6 Nxf6 10. 0-0 Bd6 11. Re1 0-0 12. Nf1 Qc7 13. Bd3 Bd7 14. Be3 Rae8 15. Rc1 Qb8 16. a3 e5 17. dxe5 Nxe5 18. Nxe5 Bxe5 19. Qc2 Kh8 20. Bc5 Rc8 21. Qd2 Rfe8 22. Bb1 Bc6 23. Bd4 Bf4 24. Qd3 Be5 25. b4 a6 26. Bxe5 Rxe5 27. Qd4 Rce8 28. Ne3 Qd6 29. Red1 Qe6 30. h3 Re7 31. Rc5 Ne4 32. Ng4 Nxc5 33. Nxe5 Qxe5 34. Qxc5 Re8 35. Qc2 g6 36. Ba2 d4 37. Qd2 Rd8 38. Re1 Qd6 39. Re6 Qd7 40. Qg5 Rf8 41. Rxg6 1-0

[Event "Timbo op"]
[Site "Timbo"]
[Date "2021.06.12"]
[Round "2"]
[White "Diogo, Giovani Lima"]
[Black "Volkmann, Andre Jordi"]
[Result "0-1"]
[WhiteElo "1719"]
[BlackElo "2087"]
[PlyCount "76"]
[EventDate "2021.06.11"]
[EventType "swiss"]
[EventRounds "6"]
[EventCountry "BRA"]
[SourceTitle "EXT 2022"]
[Source "ChessBase"]
[SourceDate "2021.10.06"]
[SourceVersion "1"]
[SourceVersionDate "2021.10.06"]
[SourceQuality "1"]

1. e4 c6 2. d4 d5 3. exd5 cxd5 4. Bd3 Nc6 5. c3 Nf6 6. Ne2 Bg4 7. 0-0 e6 8. f3 Bh5 9. Qe1 Bg6 10. Nf4 Bd6 11. Qe2 Qc7 12. g3 0-0-0 13. a4 Bxd3 14. Nxd3 h5 15. Na3 a6 16. b4 h4 17. g4 Ne7 18. Be3 Ng6 19. a5 Kb8 20. b5 Qxc3 21. Nc5 Bxc5 22. dxc5 d4 23. Bd2 Qxc5 24. Qd3 Ne5 25. Bf4 Ka7 26. Bxe5 Qxe5 27. Rfe1 Qf4 28. Rab1 Rd5 29. bxa6 bxa6 30. Qb3 Rb8 31. Qc4 Rxb1 32. Rxb1 Nxg4 33. Rb2 Qe3+ 34. Kg2 h3+ 35. Kg3 Qe1+ 36. Kf4 Rf5+ 37. Kxg4 Qg1+ 38. Kh4 Qg5+ 0-1

[Event "Timbo op"]
[Site "Timbo"]
[Date "2021.06.11"]
[Round "1"]
[White "Kannenberg, Brayan Kelvin Greth"]
[Black "Diogo, Giovani Lima"]
[Result "0-1"]
[WhiteElo "1104"]
[BlackElo "1719"]
[PlyCount "42"]
[EventDate "2021.06.11"]
[EventType "swiss"]
[EventRounds "6"]
[EventCountry "BRA"]
[SourceTitle "EXT 2022"]
[Source "ChessBase"]
[SourceDate "2021.10.06"]
[SourceVersion "1"]
[SourceVersionDate "2021.10.06"]
[SourceQuality "1"]

1. e4 c5 2. Nf3 Nc6 3. Nc3 e5 4. Bc4 Be7 5. 0-0 Nf6 6. d3 0-0 7. Bg5 d6 8. h3 Be6 9. Nd5 Bxd5 10. Bxd5 Nxd5 11. Bxe7 Ndxe7 12. a3 f5 13. Ng5 Qd7 14. f4 h6 15. Nf3 fxe4 16. dxe4 Rxf4 17. Re1 Raf8 18. c3 Rxf3 19. gxf3 Qxh3 20. Rf1 Qg3+ 21. Kh1 Rf4 0-1